000 00925nam a2200265Ia 4500
003 OSt
005 20221005111237.0
006 a|||||r|||| 00| 0
007 ta
008 221004b |||||||| |||| 00| 0 hin d
020 _a9789350722541 (hbk)
_c495
024 _a12823
037 _b271, 03/03/2014, Vani Prakashan
_cTextual
040 _aCRL
_cCRL
_bhin
041 _2hin
_ahin
082 _aO44((Y5927):g, 152Q2
100 _aएन. सिंह
245 0 _aदलित साहित्य के प्रतिमान
246 _aDalit sāhitya ke pratimāna
260 _aनई दिल्ली
_bवाणी प्रकाशन भारत
_c2012
300 _a332पृ0
_ccm.
650 _aहिन्दी साहित्य
942 _hO44((Y5927):g, 152Q2
_cTEXL
_2cc
999 _c1021248
_d1021248